000 00425nam a2200169Ia 4500
005 20250508154058.0
008 008 250505s9999 xx 000 0 eng d
037 _aBooks to be hide in OPAC
040 _aFEDL
_beng
_cFEDL
041 _aeng
_2eng
084 _qFEDL
100 _aMukerjee A K
_946806
245 0 _aSchool library : Some practical hints
300 _a48p.
942 _cHB
999 _c1347490
_d1347490